000 00874nam a2200301Ia 4500
001 Para_10256
003 CHAP
008 220125s2014 xx 000 0 und d
010 _a208944
020 _a978 - 0 - 12 - 396955 - 2
040 _cCHAP
082 _aPA632.9 I57 2014
245 _aInsect resistance management :
_b Biology, Economics, and Prediction /
_c editor David W. Onstad
250 _a2
260 _aAmsterdam :
_b AP
300 _a538 P.
500 _aIncluye referencias bibliográficas e índice
650 _aInsectos resistentes
_9175243
650 _aPlantas
_x resistencia a plagas
_988885
700 _aOnstad, David W., ed.
_9175244
901 _aPA632.9 I57 2014
902 _aA
905 _a5232202014 a 8000000300 06
910 _a2014
942 _cPARA
942 _cPARA
_d1
999 _c208944
_d208944